Vista normal
Vista MARC
- Chiavenato, Idalberto
Entrada Personal Name
Número de registros utilizados en: 25
001 - CONTROL NUMBER
- control field: 3032
003 - CONTROL NUMBER IDENTIFIER
- control field: OSt
005 - DATE AND TIME OF LATEST TRANSACTION
- control field: 20160209142207.0
008 - FIXED-LENGTH DATA ELEMENTS
- fixed length control field: 160209|| aca||aabn | a|a d
040 ## - CATALOGING SOURCE
- Original cataloging agency: OSt
- Transcribing agency: OSt
100 ## - HEADING--PERSONAL NAME
- Personal name: Chiavenato, Idalberto
670 ## - SOURCE DATA FOUND
- Source citation: Work cat.: (OSt)2842: Chiavenato, Idalberto, Administración de recursos humanos: el capital humano de las organizaciones, 2011